The Ganges water dispute : (Record no. 8487)
[ view plain ]
| 000 -LEADER | |
|---|---|
| fixed length control field | 01079nam a2200289 a 4500 |
| 001 - CONTROL NUMBER | |
| JCCL Control Number | 8487 |
| 003 - CONTROL NUMBER IDENTIFIER | |
| JCCL marc code | BD-JhCC |
| 005 - DATE AND TIME OF LATEST TRANSACTION | |
| control field | 20180225174549.0 |
| 008 - FIXED-LENGTH DATA ELEMENTS--GENERAL INFORMATION | |
| fixed length control field | 910513s1984 bg ab b 001 0 eng d |
| 035 ## - SYSTEM CONTROL NUMBER | |
| system control number | (BD-JhCC)8487 |
| 040 ## - CATALOGING SOURCE | |
| Original cataloging agency | BD-JhCC |
| Modifying agency | BD-JhCC |
| 041 ## - LANGUAGE CODE | |
| Language code of Book | eng |
| 050 #0 - LIBRARY OF CONGRESS CALL NUMBER | |
| Classification number | [LAW] |
| 082 ## - DEWEY DECIMAL CLASSIFICATION NUMBER | |
| Author mark and Year | ABB 1984 |
| 100 1# - MAIN ENTRY--PERSONAL NAME | |
| Personal name | Abbas, B. M. |
| Titles and other words associated with a name | . |
| 245 14 - TITLE STATEMENT | |
| Title | The Ganges water dispute : |
| Remainder of title | international legal aspects / |
| Statement of responsibility, etc | B. M. Abbas A. T. |
| 260 ## - PUBLICATION, DISTRIBUTION, ETC. (IMPRINT) | |
| Place of publication, distribution, etc | Dhaka : |
| Name of publisher, distributor, etc | University Press, |
| Date of publication, distribution, etc | 1987 |
| 300 ## - PHYSICAL DESCRIPTION | |
| Pagination | xiii, 164 p. : |
| Other physical details | ill., maps ; |
| Dimensions | 20 cm |
| 500 ## - GENERAL NOTE | |
| General note | Revision of the author's thesis (LL. M.--Monash University, Australia) under the title: The Indo-Bangladesh river dispute : a study of the principles of international law governing riparians' rights to use and control the water of the Ganges |
| 504 ## - BIBLIOGRAPHY, ETC. NOTE | |
| Bibliography, etc | Bibliography: p. [206]-217 |
| 504 ## - BIBLIOGRAPHY, ETC. NOTE | |
| Bibliography, etc | Includes index |
| 651 #0 - SUBJECT ADDED ENTRY--GEOGRAPHIC NAME | |
| Geographic name | Bangladesh |
| General subdivision | Foreign relations |
| Geographic subdivision | India |
| 651 #0 - SUBJECT ADDED ENTRY--GEOGRAPHIC NAME | |
| Geographic name | Ganges River (India and Bangladesh) |
| General subdivision | Water rights |
| 651 #0 - SUBJECT ADDED ENTRY--GEOGRAPHIC NAME | |
| Geographic name | India |
| General subdivision | Foreign relations |
| Geographic subdivision | Bangladesh |
| 942 ## - ADDED ENTRY ELEMENTS (KOHA) | |
| Source of classification or shelving scheme | Dewey Decimal Classification |
| Koha item type | Books |
| Source of classification or shelving scheme | Damaged status | Not for loan | Home library | Current library | Shelving location | Date of accession | Full call number | Barcode | Date last seen | Copy number | Koha item type |
|---|---|---|---|---|---|---|---|---|---|---|---|
| Dewey Decimal Classification | JCC Rouf Library | JCC Rouf Library | General Stacks | 02/25/2018 | 341.442 ABB 1984 | 8521 | 02/25/2018 | C-1 | Books |